Desde el aula universitaria: contribuciones a la lucha contra la explotación sexual comercial de personas menores de edad desde el aula /
Na minha lista:
| Autor principal: | |
|---|---|
| Formato: | Texto |
| Assuntos: | |
| Tags: |
Adicionar Tag
Sem tags, seja o primeiro a adicionar uma tag!
|
MARC
| LEADER | 00000 a a2200000 04500 | ||
|---|---|---|---|
| 001 | 2203 | ||
| 003 | |||
| 040 | |||
| 100 | |a Pinto Bautista, Alely | ||
| 245 | |a Desde el aula universitaria: |b contribuciones a la lucha contra la explotación sexual comercial de personas menores de edad desde el aula / |c Alely Pinto Bautista | ||
| 650 | |a EXPLOTACION SEXUAL COMERCIAL | ||
| 650 | |a MENORES DE EDAD | ||
| 650 | |a ENSEÑANZA SUPERIOR | ||
| 773 | |g número 6; páginas 17-20 | ||
| 999 | |c 35031 |d 35031 | ||
